Michel-Farbenfuhrer (Schwaneberger color guide) 1958 (Record no. 2547)

000 -LEADER
fixed length control field 00293nam a22000977a 4500
008 - FIXED-LENGTH DATA ELEMENTS--GENERAL INFORMATION
fixed length control field 171113b xxu||||| |||| 00| 0 eng d
100 ## - MAIN ENTRY--AUTHOR'S NAME
Author's Name Schwaneberger
245 ## - TITLE STATEMENT
Title Michel-Farbenfuhrer (Schwaneberger color guide) 1958
260 ## - PUBLICATION, DISTRIBUTION, ETC. (IMPRINT)
Place of publication, distribution, etc. Munich
Name of publisher, distributor, etc. Schwaneberger Verlag
Date of publication, distribution, etc. 1958
650 ## - TOPICAL TERM (Tag)
Topical term or geographic name Color Guides | Color
Holdings
Withdrawn status Lost status Source of classification or shelving scheme Damaged status Koha normalized classification for sorting Not for loan Permanent Location Current Location Shelving location Date acquired Total Checkouts Full call number Barcode Date last seen Copy number Price effective from Public note
        G6081 C719 M623   Northern Philatelic Library Northern Philatelic Library Closed Stacks 11/13/2017   G6081 C719 M623 1002816 11/13/2017 1 11/13/2017 22nd Ed (1958)

Powered by Koha